00354pab a2200133 454500008004000000100002200040245005100062260000900113300001400122362000800136650002200144700001800166773003600184180718b2008 xxu||||| |||| 00| 0 eng d aKillian, Mitchell aDo abortion attitudes lead to party switching? c2008 ap.561-73. aDec aPolitical parties aWilcox, Clyde aPolice Research and Development